Numizmatikai találkozót tartanak [rövid hír]

Elmentve itt :
Bibliográfiai részletek
Dokumentumtípus: Cikk
Megjelent: 2024-05-23
Sorozat:Délmagyarország 114 No. 118
Kulcsszavak:Rendezvény - Nemzetközi Numizmatikai, Filatéliai, Militária Találkozó - 37., József Attila Tanulmányi és Információs Központ - TIK, Magyar Éremgyűjtők Egyesülete
Online Access:http://univ.bibl.u-szeged.hu/70397
LEADER 00827nab a2200181 i 4500
001 univ70397
005 20240527114933.0
008 240523s2024 hu o 000 hun d
040 |a SZTE UnivHistória Repozitórium  |b hun 
041 |a hun 
245 0 0 |a Numizmatikai találkozót tartanak   |h [elektronikus dokumentum] :  |b [rövid hír] 
260 |c 2024-05-23 
300 |a 4 
490 0 |a Délmagyarország  |v 114 No. 118 
561 |a Egyetemi hirarchívum 
695 |a Rendezvény - Nemzetközi Numizmatikai, Filatéliai, Militária Találkozó - 37., József Attila Tanulmányi és Információs Központ - TIK, Magyar Éremgyűjtők Egyesülete 
856 4 0 |u http://univ.bibl.u-szeged.hu/70397/1/Numizmatikai_imedias3.pdf  |z Dokumentum-elérés  
856 4 0 |u http://univ.bibl.u-szeged.hu/70397/2/Numizmatikai_14278642.pdf  |z Dokumentum-elérés